中国地级行政区距天安门距离排序 - Statistics

General Stats
  • This quiz has been taken 42 times
    37 since last reset
  • The average score is 58 of 334
Answers on the Map
Answers color-coded by a green-red scale on the quiz's map according to % correct below.
 
Answer Stats
距离(km) Answer % Correct
27.9 北京市
100%
48.1 廊坊市
96%
114.7 天津市
96%
140.2 保定市
92%
155.4 唐山市
88%
159.8 张家口市
88%
176.2 承德市
85%
182.5 沧州市
85%
249.4 衡水市
85%
258.9 大同市
77%
265.1 石家庄市
77%
266.2 秦皇岛市
77%
275.0 德州市
69%
301.4 乌兰察布市
62%
312.4 滨州市
62%
333.9 阳泉市
62%
334.1 赤峰市
58%
338.9 东营市
58%
345.5 朔州市
58%
356.0 邢台市
58%
356.8 忻州市
58%
367.6 济南市
54%
386.7 葫芦岛市
54%
392.5 朝阳市
54%
399.6 邯郸市
54%
402.8 太原市
54%
373.3 淄博市
50%
385.8 聊城市
50%
400.9 晋中市
50%
407.1 呼和浩特市
46%
429.9 潍坊市
42%
458.6 安阳市
42%
461.6 大连市
42%
416.6 泰安市
38%
421.0 锦州市
38%
448.4 锡林郭勒盟
38%
476.5 濮阳市
38%
497.6 盘锦市
38%
498.1 鹤壁市
38%
500.0 济宁市
38%
581.8 晋城市
38%
500.2 营口市
35%
501.0 阜新市
35%
503.1 长治市
35%
515.6 烟台市
35%
526.1 菏泽市
35%
527.4 吕梁市
35%
551.7 青岛市
35%
552.3 包头市
35%
556.4 新乡市
35%
561.5 临沂市
35%
563.3 威海市
35%
566.3 鄂尔多斯市
35%
570.3 日照市
35%
572.8 枣庄市
35%
573.2 鞍山市
35%
596.9 辽阳市
35%
597.4 开封市
35%
602.5 临汾市
35%
602.5 榆林市
35%
614.5 商丘市
35%
624.1 郑州市
35%
626.3 沈阳市
35%
639.4 徐州市
35%
641.5 连云港市
35%
663.0 淮北市
35%
665.7 铁岭市
35%
671.8 抚顺市
35%
676.5 亳州市
35%
678.0 丹东市
35%
681.9 宿迁市
35%
683.7 洛阳市
35%
689.1 宿州市
35%
690.9 许昌市
35%
702.8 延安市
35%
713.6 周口市
35%
721.5 运城市
35%
732.6 三门峡市
35%
734.9 漯河市
35%
740.1 平顶山市
35%
638.6 通辽市
31%
638.6 本溪市
31%
747.3 淮安市
31%
754.0 四平市
31%
782.2 阜阳市
31%
782.6 蚌埠市
31%
795.5 驻马店市
31%
800.7 辽源市
31%
803.0 盐城市
31%
816.2 淮南市
31%
823.8 白城市
31%
825.1 兴安盟
31%
827.5 通化市
31%
838.7 南阳市
31%
856.2 渭南市
31%
861.9 铜川市
31%
769.0 巴彦淖尔市
27%
820.7 乌海市
27%
856.7 长春市
27%
868.5 滁州市
27%
870.8 白山市
27%
878.2 扬州市
27%
921.0 咸阳市
27%
865.5 石嘴山市
23%
884.0 商洛市
23%
886.8 泰州市
23%
887.5 信阳市
23%
899.0 南京市
23%
900.4 镇江市
23%
902.1 松原市
23%
902.5 合肥市
23%
908.9 六安市
23%
935.8 马鞍山市
23%
946.3 吉林市
23%
952.0 十堰市
23%
953.3 随州市
23%
958.7 襄阳市
23%
968.9 芜湖市
23%
969.7 南通市
23%
889.6 银川市
19%
899.0 庆阳市
19%
956.1 常州市
19%
1000.2 无锡市
19%
1022.9 大庆市
19%
1024.4 齐齐哈尔市
19%
1053.2 哈尔滨市
19%
906.5 吴忠市
15%
983.2 平凉市
15%
989.1 固原市
15%
1007.3 中卫市
15%
1018.7 宝鸡市
15%
1020.0 宣城市
15%
1029.1 苏州市
15%
1039.0 安康市
15%
1056.4 湖州市
15%
1068.2 上海市
15%
1092.5 嘉兴市
15%
1113.8 天水市
15%
1128.7 杭州市
15%
1147.2 黄山市
15%
1160.2 绍兴市
15%
1203.8 牡丹江市
15%
1214.2 宁波市
15%
3427.5 喀什地区
15%
1004.9 铜陵市
12%
1023.8 孝感市
12%
1031.7 池州市
12%
1044.6 安庆市
12%
1053.2 武汉市
12%
1060.6 黄冈市
12%
1067.1 鄂州市
12%
1086.6 黄石市
12%
1130.6 绥化市
12%
1130.6 汉中市
12%
1133.0 白银市
12%
1138.7 延边朝鲜族自治州
12%
1141.4 定西市
12%
1179.9 兰州市
12%
1251.3 陇南市
12%
3166.5 和田地区
12%
3333.9 阿里地区
12%
3406.3 克孜勒苏柯尔克孜自治州
12%
923.8 阿拉善盟
8%
1057.0 荆门市
8%
1063.4 呼伦贝尔市
8%
1124.4 宜昌市
8%
1129.3 荆州市
8%
1135.4 咸宁市
8%
1140.3 九江市
8%
1184.4 景德镇市
8%
1209.2 武威市
8%
1210.7 岳阳市
8%
1241.4 恩施土家族苗族自治州
8%
1258.9 达州市
8%
2540.0 巴音郭楞蒙古自治州
8%
2767.8 日喀则市
8%
2913.6 伊犁哈萨克自治州
8%
3034.8 阿克苏地区
8%
1232.4 金昌市
4%
1237.0 衢州市
4%
1240.3 金华市
4%
1245.6 巴中市
4%
1249.3 南昌市
4%
1252.7 临夏回族自治州
4%
1258.4 广元市
4%
1279.0 海东市
4%
1281.5 上饶市
4%
1283.4 常德市
4%
1295.3 鹰潭市
4%
1308.6 甘南藏族自治州
4%
1312.6 丽水市
4%
1313.6 大兴安岭地区
4%
1315.7 益阳市
4%
1316.0 张家界市
4%
1320.8 伊春市
4%
1325.4 西宁市
4%
1329.9 抚州市
4%
1331.7 鸡西市
4%
1333.1 台州市
4%
1337.0 长沙市
4%
1351.3 新余市
4%
1353.9 黄南藏族自治州
4%
1354.5 七台河市
4%
1357.0 宜春市
4%
1358.4 佳木斯市
4%
1371.9 南充市
4%
1372.4 张掖市
4%
1373.8 广安市
4%
1376.4 株洲市
4%
1380.2 湘潭市
4%
1381.7 萍乡市
4%
1382.6 温州市
4%
1387.1 海北藏族自治州
4%
1524.2 成都市
4%
1888.8 广州市
4%
1943.6 深圳市
4%
2283.0 吐鲁番市
4%
2380.1 那曲市
4%
2409.8 乌鲁木齐市
4%
2413.6 阿勒泰地区
4%
2434.6 昌吉回族自治州
4%
2535.7 山南市
4%
2558.2 拉萨市
4%
2596.0 三沙市
4%
2630.5 克拉玛依市
4%
2784.3 塔城地区
4%
2850.5 博尔塔拉蒙古自治州
4%
1388.0 鹤岗市
0%
1401.6 南平市
0%
1407.2 双鸭山市
0%
1412.3 绵阳市
0%
1416.8 娄底市
0%
1429.7 遂宁市
0%
1431.4 吉安市
0%
1435.2 海南藏族自治州
0%
1439.1 湘西土家族苗族自治州
0%
1440.5 黑河市
0%
1457.9 德阳市
0%
1458.4 重庆市
0%
1480.4 邵阳市
0%
1489.7 衡阳市
0%
1493.0 怀化市
0%
1501.1 宁德市
0%
1507.6 铜仁市
0%
1521.7 三明市
0%
1526.4 酒泉市
0%
1543.4 嘉峪关市
0%
1544.1 内江市
0%
1550.2 果洛藏族自治州
0%
1553.3 阿坝藏族羌族自治州
0%
1561.7 福州市
0%
1564.0 永州市
0%
1571.3 赣州市
0%
1578.7 眉山市
0%
1581.9 自贡市
0%
1583.8 泸州市
0%
1603.4 郴州市
0%
1605.5 遵义市
0%
1625.4 莆田市
0%
1627.3 乐山市
0%
1637.5 雅安市
0%
1641.3 宜宾市
0%
1650.4 龙岩市
0%
1673.6 黔东南苗族侗族自治州
0%
1676.9 海西蒙古族藏族自治州
0%
1685.2 泉州市
0%
1699.1 韶关市
0%
1708.2 甘孜藏族自治州
0%
1715.8 漳州市
0%
1722.9 厦门市
0%
1726.7 黔南布依族苗族自治州
0%
1729.4 贵阳市
0%
1731.3 桂林市
0%
1737.1 梅州市
0%
1737.2 毕节市
0%
1782.3 贺州市
0%
1800.7 安顺市
0%
1804.5 河源市
0%
1807.2 潮州市
0%
1818.9 揭阳市
0%
1821.5 昭通市
0%
1826.6 六盘水市
0%
1831.4 清远市
0%
1841.1 汕头市
0%
1851.2 柳州市
0%
1862.2 河池市
0%
1863.3 凉山彝族自治州
0%
1877.0 惠州市
0%
1889.4 梧州市
0%
1891.2 玉树藏族自治州
0%
1894.3 东莞市
0%
1903.0 佛山市
0%
1906.4 汕尾市
0%
1911.1 肇庆市
0%
1918.6 来宾市
0%
1930.5 哈密市
0%
1933.5 云浮市
0%
1954.6 中山市
0%
1965.2 黔西南布依族苗族自治州
0%
1971.8 香港特别行政区
0%
1974.3 贵港市
0%
1979.3 珠海市
0%
1985.6 曲靖市
0%
1988.1 昌都市
0%
1988.9 澳门特别行政区
0%
2001.8 百色市
0%
2006.2 玉林市
0%
2010.5 攀枝花市
0%
2038.9 迪庆藏族自治州
0%
2045.4 南宁市
0%
2050.4 阳江市
0%
2081.9 丽江市
0%
2094.1 茂名市
0%
2095.4 昆明市
0%
2123.7 钦州市
0%
2127.7 崇左市
0%
2150.3 湛江市
0%
2156.2 楚雄彝族自治州
0%
2162.0 北海市
0%
2162.2 玉溪市
0%
2162.8 文山壮族苗族自治州
0%
2164.5 防城港市
0%
2184.7 大理白族自治州
0%
2209.1 红河哈尼族彝族自治州
0%
2258.8 怒江傈僳族自治州
0%
2286.3 海口市
0%
2298.1 保山市
0%
2304.0 林芝市
0%
2346.7 临沧市
0%
2358.8 儋州市
0%
2391.2 普洱市
0%
2393.2 德宏傣族景颇族自治州
0%
2476.5 西双版纳傣族自治州
0%
2497.2 三亚市
0%
No matching quizzes found
Score Distribution
Percent of People with Each Score
Percentile by Number Answered
Your Score History
You have not taken this quiz since the last reset